Dua Lipa - Une lettre, une chanson - Statistiques

Statistiques générales
  • Ce quiz a été pris 565 fois
  • Le résultat moyen est 11 sur 19
Statistiques - réponses
Hint Réponse % Correct
H Hallucinate / Happy for You / Homesick / Hotter than Hell / Houdini
89%
F Falling Forever / Fever / French Exit / Future Nostalgia
86%
L Last Dance / Levitating / Lost in Your Light / Love Again
86%
B Bad Together / Begging / Be the One / Blow Your Mind (Mwah) / Boys Will Be Boys / Break My Heart
81%
I IDGAF / If It Ain't Me / Illusion
79%
T That Kind of Woman / Thinking 'Bout You / These Walls / Training Season
78%
D Dance The Night / Don't Start Now / Dreams
73%
N New Love / New Rules / No Goodbyes / No Lie / Not My Problem
72%
P Physical / Pretty Please / Prisoner
68%
C CAN THEY HEAR US / Cold Heart / Cool
58%
E Electricity / End of an Era
57%
M Maria
55%
W Want To / We're Good / Whatcha Doing
53%
O One Kiss
52%
G Garden / Genesis / Good in Bed
40%
A Anything for Love
36%
K Kiss and Make Up
24%
S Scared to Be Lonely
18%
R Room for 2 / Running
13%
Aucun quiz correspondant
Distribution des résultats
% des personnes avec chaque résultat
Percentile par nombre de réponses
Votre historique - résultats
Vous n’avez pas pris ce quiz